| 000 | 00911cam a22002052a 4500 | ||
|---|---|---|---|
| 001 | 007514 | ||
| 003 | AR-FADEU | ||
| 008 | 311216n1997####xxu####################dd | ||
| 020 | _a950-20-0977-0 | ||
| 092 |
_aD347.4 _bS854 |
||
| 100 | _aStiglitz, Rubén S. | ||
| 245 | _aDerecho de seguros | ||
| 260 | _aBuenos Aires | ||
| 260 | _bAbeledo-Perrot | ||
| 260 | _c1997 | ||
| 300 | _a2 v | ||
| 500 | _aTomo: I. Inv. C311. Función del seguro: Eliminación de las consecuencias. Derivadas de un daño eventual. Fundamentos técnicos, económicos y jurídicos del seguro. Naturaleza indemnizatoria del seguro. Tomo: II. Efectos del contrato de seguro. Las cargas, régimen legal y convencional. -- Incluye bibliografía | ||
| 650 | _aSEGUROS; ASEGURADORA-CONTROL DEL ESTADO; CONTRATO DE SEGURO; RIESGO ASEGURABLE; SINIESTRO; CONTRATO POR ADHESION-SEGUROS; CLAUSULAS ABUSIVAS-SEGUROS; POLIZA | ||
| 942 | _cBDGR | ||
| 999 |
_c13328 _d13328 |
||